Economic Analysis of the Benefits of Installing Particle Filters on New Diesel-Engine Vehicles (notice n° 1922204)
[ vue normale ]
| 000 -LEADER | |
|---|---|
| fixed length control field | 01251cam a2200181 4500500 |
| 005 - DATE AND TIME OF LATEST TRANSACTION | |
| control field | 20260329022729.0 |
| 041 ## - LANGUAGE CODE | |
| Language code of text/sound track or separate title | fre |
| 042 ## - AUTHENTICATION CODE | |
| Authentication code | dc |
| 100 10 - MAIN ENTRY--PERSONAL NAME | |
| Personal name | Massé, Emmanuel |
| Relator term | author |
| 245 00 - TITLE STATEMENT | |
| Title | Economic Analysis of the Benefits of Installing Particle Filters on New Diesel-Engine Vehicles |
| 260 ## - PUBLICATION, DISTRIBUTION, ETC. | |
| Date of publication, distribution, etc. | 2005.<br/> |
| 500 ## - GENERAL NOTE | |
| General note | 2 |
| 520 ## - SUMMARY, ETC. | |
| Summary, etc. | Diesel engines emit particles into the atmosphere at the time of combustion. Inhalation of these particles leads to an increase in the incidence of cardio-respiratory diseases and reduces life expectancy. For some years now, several auto makers have developed technologies that limit particle emissions from diesel-engine vehicles. This study shows that the health benefits substantially outweigh the costs involved in the installation of particle filters on new vehicles. It would therefore be of benefit to society if it were made compulsory to equip all new vehicles with particle filters, with priority given to heavy trucks. |
| 690 ## - LOCAL SUBJECT ADDED ENTRY--TOPICAL TERM (OCLC, RLIN) | |
| Topical term or geographic name as entry element | cost benefit analysis |
| 690 ## - LOCAL SUBJECT ADDED ENTRY--TOPICAL TERM (OCLC, RLIN) | |
| Topical term or geographic name as entry element | particule filters |
| 786 0# - DATA SOURCE ENTRY | |
| Note | Economie & prévision | o 167 | 1 | 2005-03-01 | p. 13-25 | 0249-4744 |
| 856 41 - ELECTRONIC LOCATION AND ACCESS | |
| Uniform Resource Identifier | <a href="https://shs.cairn.info/journal-economie-et-prevision-1-2005-1-page-13?lang=en&redirect-ssocas=7080">https://shs.cairn.info/journal-economie-et-prevision-1-2005-1-page-13?lang=en&redirect-ssocas=7080</a> |
Pas d'exemplaire disponible.




Réseaux sociaux